| 000 | 01057nas a2200337 4500 | ||
|---|---|---|---|
| 001 | BR2019000459 | ||
| 003 | BR-BrBNA | ||
| 005 | 20231205131608.0 | ||
| 007 | ta | ||
| 008 | 230509b bl.|||p| |||| 00| 00por d | ||
| 040 |
_aBR-BrBNA _bpor _cBiblioteca Nacional de Agricultura |
||
| 041 | _a(En) | ||
| 072 | _aF06; F60 | ||
| 100 | 1 | _aAlmeida, J.P.N. de | |
| 100 | 1 | _aMendonça, V. | |
| 100 | 1 | _aAlves, A.A. | |
| 100 | 1 | _aCardoso Neto, R. | |
| 100 | 1 | _aCosta, L.P. | |
| 100 | 1 | _aSilva, F.S.O. | |
| 245 | 1 | _aMorphometric responses and tolerance of pomegranate seedlings irrigated with saline water | |
| 650 | _aROMÃ | ||
| 650 | _aMUDA | ||
| 650 | _aCRESCIMENTO | ||
| 650 | _aSALINIDADE | ||
| 650 | _aIRRIGAÇÃO | ||
| 650 | _aBIOQUÍMICA | ||
| 773 | 0 |
_tRevista Brasileira de Engenharia Agrícola e Ambiental (Brazil) _xISSN 1807-1929 _g(May 2019), v. 23(5) p. 341-346 _wBR2019000459 |
|
| 856 | 4 | 0 | _uhttp://www.scielo.br/pdf/rbeaa/v23n5/1415-4366-rbeaa-23-05-0341.pdf |
| 909 |
_a202311 _bLúcia _c55 _dLúcia Elande |
||
| 942 |
_2AGRIS _n0 _cANA |
||
| 999 |
_c255634 _d255634 |
||